[Event "AUTO-INT-989"]
[Site "http://www.queenalice.com/game.php?id=442760"]
[Date "2008.8.2"]
[Round "1"]
[White "ismaelmunchen"]
[Black "therota2"]
[Result "1-0"]
[WhiteElo "1825"]
[BlackElo "1313"]

1. d4 d5 2. c4 e6 3. Nf3 dxc4 4. e4 Bb4+ 5. Nc3 Nf6 6. Bg5 Bxc3+ 7. bxc3 b5 8.
a4 Qd7 9. Ne5 Qe7 10. axb5 Bb7 11. Bxc4 Bxe4 12. O-O h6 13. Bh4 g5 14. Bg3 O-O
15. Bd3 Bd5 16. Ng4 Nxg4 17. Qxg4 f5 18. Qh5 f4 19. Qxh6 Rf6 20. Qxg5+ Kf7 21.
Bxf4 Nd7 22. Qh5+ Kg7 23. Bg5 Rh8 24. Bxf6+ Qxf6 25. Qg4+ Kf7 26. c4 Rg8 27.
Qh5+ Ke7 28. cxd5 Qxd4 29. dxe6 Nf6 30. Qf7+ Kd6 31. Ra6+ Ke5 32. Qxc7+ Kd5 33.
Qd6# 1-0

[Event "AUTO-INT-989"]
[Site "http://www.queenalice.com/game.php?id=442761"]
[Date "2008.8.2"]
[Round "1"]
[White "therota2"]
[Black "ismaelmunchen"]
[Result "0-1"]
[WhiteElo "1316"]
[BlackElo "1825"]

1. d4 Nf6 2. c4 e6 3. a3 c5 4. d5 d6 5. Nc3 Be7 6. e4 O-O 7. Nf3 Re8 8. Be3 exd5
9. cxd5 Qa5 10. Bb5 Nbd7 11. e5 dxe5 12. Nxe5 Nxe5 13. Bxe8 Nxe8 14. f4 Nc4 15.
Qf3 Nxb2 16. Bd2 Nc4 17. Qe4 Nxd2 18. Kxd2 Kf8 19. Rhe1 Qd8 20. Qxh7 Nf6 21.
Qh8+ Ng8 22. Rf1 b5 23. Rf3 b4 24. Ne4 Qxd5+ 25. Ke3 Qd4+ 26. Ke2 Ba6+ 27. Ke1
Qxa1+ 28. Kf2 bxa3 29. Rg3 Qf1+ 30. Ke3 Qe2# 0-1

[Event "AUTO-INT-989"]
[Site "http://www.queenalice.com/game.php?id=442762"]
[Date "2008.8.2"]
[Round "1"]
[White "ismaelmunchen"]
[Black "erivaldoadao"]
[Result "1-0"]
[WhiteElo "1974"]
[BlackElo "1763"]

1. d4 d5 2. c4 e6 3. Nf3 Ne7 4. Nc3 g6 5. Bg5 Bg7 6. e3 O-O 7. c5 Qd7 8. Be2
Nbc6 9. O-O Nf5 10. Bb5 f6 11. Bf4 a6 12. Ba4 b5 13. Bb3 Na5 14. a4 b4 15. Ne2
Nxb3 16. Qxb3 a5 17. Ng3 Nxg3 18. Bxg3 c6 19. Rfe1 Bb7 20. Rad1 e5 21. dxe5 fxe5
22. Nxe5 Bxe5 23. Bxe5 Qf5 24. Bg3 Rae8 25. Rd4 Ba6 26. Qd1 Bc4 27. b3 Ba6 28.
f3 Qf6 29. Bc7 Rc8 30. Bxa5 Rb8 31. Bc7 Rbe8 32. Qc2 Re6 33. Rxb4 Qf7 34. Bd6
Rfe8 35. e4 dxe4 36. Rbxe4 Rxe4 37. Rxe4 Rxe4 38. Qxe4 Qxb3 39. Qe8+ 1-0

[Event "AUTO-INT-989"]
[Site "http://www.queenalice.com/game.php?id=442763"]
[Date "2008.8.2"]
[Round "1"]
[White "erivaldoadao"]
[Black "ismaelmunchen"]
[Result "0-1"]
[WhiteElo "1681"]
[BlackElo "1879"]

1. e4 e6 2. d4 d5 3. exd5 exd5 4. Nf3 Nf6 5. Bg5 Bg4 6. Be2 Bd6 7. Nbd2 Nbd7 8.
O-O O-O 9. c4 c6 10. c5 Bc7 11. b4 Qb8 12. g3 h6 13. Bxf6 Nxf6 14. Ne5 Bh3 15.
Re1 Re8 16. Bf1 Qc8 17. Ndf3 Ne4 18. Qd3 Bf5 19. Nh4 Bh7 20. Bg2 Nxf2 21. Kxf2
Bxd3 22. Nxd3 Qg4 23. Rxe8+ Rxe8 0-1

[Event "AUTO-ADV-1013"]
[Site "http://www.queenalice.com/game.php?id=452643"]
[Date "2008.8.23"]
[Round "1"]
[White "ezequiel_2001"]
[Black "ismaelmunchen"]
[Result "1-0"]
[WhiteElo "1828"]
[BlackElo "2052"]

1. d4 Nf6 2. c4 g6 3. Nc3 Bg7 4. g3 e6 5. Bg2 O-O 6. e4 d6 7. Nge2 Nc6 8. O-O e5
9. d5 Ne7 10. f4 exf4 11. Bxf4 Nd7 12. a3 Ne5 13. Bxe5 Bxe5 14. Rb1 Bd7 15. Nf4
c6 16. Nfe2 f5 17. Qd2 Qa5 18. Nd4 Qc5 19. Rbd1 Qxc4 20. exf5 Nxf5 21. Nxf5 Bxf5
22. dxc6 bxc6 23. Qg5 Bxc3 24. bxc3 Qxc3 25. Qe7 d5 26. Qb4 Qxb4 27. axb4 Rab8
28. Ra1 Rf7 29. Ra6 Rb6 30. Rxb6 axb6 31. Rc1 Rf6 32. Ra1 d4 33. Rc1 Bd7 34. Rc4
Rd6 35. Kf2 Kf7 36. Ke1 Kf6 37. Kd2 1-0

[Event "AUTO-ADV-1013"]
[Site "http://www.queenalice.com/game.php?id=452644"]
[Date "2008.8.23"]
[Round "1"]
[White "ismaelmunchen"]
[Black "ezequiel_2001"]
[Result "1-0"]
[WhiteElo "2052"]
[BlackElo "1608"]

1. d4 Nf6 2. c4 b6 3. Nf3 Bb7 4. e3 e6 5. Nc3 Bb4 6. Bd2 O-O 7. g3 Bxc3 8. Bxc3
Ne4 9. Rc1 Ng5 10. d5 exd5 11. cxd5 c6 12. dxc6 Bxc6 13. Bg2 Na6 14. O-O Nc5 15.
Qd4 Nce6 16. Qg4 Nxf3+ 17. Bxf3 Bxf3 18. Qxf3 Rc8 19. Rfd1 Ng5 20. Qg4 Ne6 21.
Rd5 f6 22. Rcd1 Nc5 23. Rxd7 Nxd7 24. Rxd7 Qxd7 25. Qxd7 Rfd8 26. Qxa7 Ra8 27.
Qxb6 Rd7 28. Qe6+ 1-0

[Event "AUTO-ADV-1013"]
[Site "http://www.queenalice.com/game.php?id=452659"]
[Date "2008.8.23"]
[Round "1"]
[White "Toicin"]
[Black "ismaelmunchen"]
[Result "0-1"]
[WhiteElo "1966"]
[BlackElo "2013"]

1. e4 e6 2. d4 d5 3. e5 c5 4. c3 Nc6 5. Nf3 Qb6 6. Bd3 Bd7 7. Bc2 f6 8. O-O Be7
9. Ne1 cxd4 10. Qh5+ Kd8 11. Qf7 fxe5 12. Qxg7 Bf6 13. Qf7 Kc7 14. Bxh7 Be7 15.
f4 Rf8 16. Qg6 Nf6 17. c4 Rxh7 18. cxd5 exd5 19. Qd3 e4 20. Qb3 Qxb3 21. axb3
Rg8 22. Ra4 Bc5 23. f5 e3 24. Nd3 Bd6 25. Nf4 Bxf4 26. Rxf4 Ne4 0-1

[Event "AUTO-ADV-1013"]
[Site "http://www.queenalice.com/game.php?id=452660"]
[Date "2008.8.23"]
[Round "1"]
[White "ismaelmunchen"]
[Black "Toicin"]
[Result "1-0"]
[WhiteElo "2034"]
[BlackElo "1966"]

1. d4 Nf6 2. c4 d5 3. Nc3 e6 4. Nf3 c6 5. e3 Nbd7 6. Bd3 dxc4 7. Bxc4 b5 8. Bd3
a6 9. O-O c5 10. b3 Bb7 11. Bb2 Bd6 12. Qe2 O-O 13. e4 Nh5 14. Bc1 f5 15. Ng5
Nf4 16. Bxf4 Bxf4 17. Nxe6 Bxh2+ 18. Kxh2 Qh4+ 19. Kg1 Rfe8 20. d5 Ne5 21. f3
fxe4 22. Bxe4 c4 23. Bxh7+ Qxh7 24. Qxe5 cxb3 25. axb3 Qh6 26. Rfe1 1-0

[Event "AUTO-ADV-1013"]
[Site "http://www.queenalice.com/game.php?id=452669"]
[Date "2008.8.23"]
[Round "1"]
[White "CONTEMPLATIF"]
[Black "ismaelmunchen"]
[Result "0-1"]
[WhiteElo "1598"]
[BlackElo "2013"]

1. Nf3 Nf6 2. c4 c5 3. Nc3 Nc6 4. e4 d6 5. d3 e6 6. Be2 Be7 7. O-O O-O 8. a3 b6
9. Bg5 Bb7 10. Na2 d5 11. cxd5 exd5 12. e5 Nd7 13. Bxe7 Qxe7 14. Re1 Ncxe5 15.
Nxe5 Qxe5 16. Bf3 Qxb2 17. Qb1 Qxb1 18. Raxb1 Rfe8 19. Rxe8+ Rxe8 20. Kf1 Kf8
21. Nc3 Nf6 22. a4 Ba6 23. Be2 d4 24. Nb5 Bxb5 25. axb5 Nd5 0-1

[Event "AUTO-ADV-1013"]
[Site "http://www.queenalice.com/game.php?id=452670"]
[Date "2008.8.23"]
[Round "1"]
[White "ismaelmunchen"]
[Black "CONTEMPLATIF"]
[Result "1-0"]
[WhiteElo "1961"]
[BlackElo "1720"]

1. d4 d5 2. c4 e6 3. Nc3 Nf6 4. Nf3 Be7 5. e3 O-O 6. Bd3 c6 7. O-O Nbd7 8. b3
dxc4 9. bxc4 a6 10. e4 b5 11. c5 Qc7 12. e5 Nd5 13. Nxd5 exd5 14. Ng5 h6 15. Nh3
f6 16. Bxh6 gxh6 17. Qg4+ Kh8 18. Qg6 1-0

[Event "Challenge"]
[Site "http://www.queenalice.com/game.php?id=455269"]
[Date "2008.8.29"]
[Round "-"]
[White "attachui"]
[Black "ismaelmunchen"]
[Result "0-1"]
[WhiteElo "2006"]
[BlackElo "1994"]

1. d4 d5 2. c4 e6 3. Nc3 Nf6 4. Bg5 Be7 5. Qc2 Nc6 6. Nf3 O-O 7. e3 h6 8. Bh4
Re8 9. c5 Bd7 10. Bd3 Nb4 11. Qe2 Nxd3+ 12. Qxd3 Bc6 13. Ne5 Bd7 14. f4 Nh5 15.
Bf2 c6 16. g4 Nf6 17. g5 Ne4 18. Nxe4 dxe4 19. Qc3 hxg5 20. fxg5 Bxg5 21. O-O-O
Qe7 22. h4 Bf6 23. Qc2 Bxe5 24. dxe5 b6 25. cxb6 axb6 26. Kb1 Bc8 27. Qxc6 Ba6
28. h5 Bd3+ 29. Ka1 Qa7 30. a3 Rac8 31. Qd6 Red8 32. Qb4 Rc4 33. Qxc4 Bxc4 34.
Rxd8+ Kh7 35. h6 g5 36. Rg1 Qe7 37. Rgd1 Bd5 38. Rd6 Qc7 39. Kb1 Qc4 40. Rd2 b5
41. Rd7 Qf1+ 42. Kc2 Bb3+ 0-1

[Event "AUTO-INT-989"]
[Site "http://www.queenalice.com/game.php?id=474615"]
[Date "2008.10.8"]
[Round "2"]
[White "allvaro"]
[Black "ismaelmunchen"]
[Result "1-0"]
[WhiteElo "1576"]
[BlackElo "2018"]

1. d4 d5 2. h3 Nf6 3. Nc3 Bf5 4. g4 Bg6 5. Bf4 e6 6. e3 c5 7. dxc5 Bxc5 8. a3
O-O 9. Be5 Nc6 10. Bf4 Ne4 11. Qe2 Nxc3 12. bxc3 e5 13. Bg3 d4 14. Nf3 dxe3 15.
fxe3 Qa5 16. Qc4 e4 17. Ne5 Nxe5 18. Bxe5 Bxe3 19. Qb5 Qd8 20. Rh2 Qh4+ 21. Ke2
Bg1 22. Rg2 Bb6 23. Rh2 Rac8 24. Bg3 Qxg3 25. Rf2 1-0

[Event "AUTO-INT-989"]
[Site "http://www.queenalice.com/game.php?id=474616"]
[Date "2008.10.8"]
[Round "2"]
[White "ismaelmunchen"]
[Black "allvaro"]
[Result "1-0"]
[WhiteElo "2052"]
[BlackElo "1547"]

1. d4 d5 2. c4 e6 3. Nc3 Bb4 4. Nf3 dxc4 5. e4 Nf6 6. Bg5 Nc6 7. Bxc4 h6 8. Bxf6
Qxf6 9. O-O e5 10. dxe5 Qf4 11. Nd5 1-0

[Event "AUTO-INT-989"]
[Site "http://www.queenalice.com/game.php?id=474617"]
[Date "2008.10.8"]
[Round "2"]
[White "Leonic"]
[Black "ismaelmunchen"]
[Result "0-1"]
[WhiteElo "1970"]
[BlackElo "2010"]

1. e4 e6 2. d4 d5 3. Nc3 Bb4 4. e5 Ne7 5. a3 Bxc3+ 6. bxc3 c5 7. Nf3 h6 8. Bd3
Nbc6 9. O-O c4 10. Be2 Nf5 11. a4 Qa5 12. Qd2 b5 13. Ba3 bxa4 14. Rfb1 Nfe7 15.
Bc5 O-O 16. Ra2 Ba6 17. Rba1 Bb5 18. Nh4 Rfe8 19. f4 Nf5 20. Nxf5 exf5 21. Bf3
Rad8 22. Bd6 Ne7 23. h3 Nc8 24. Bb4 Qb6 25. g4 Qg6 26. Qg2 Ne7 27. Kh2 fxg4 28.
hxg4 f5 0-1

[Event "AUTO-INT-989"]
[Site "http://www.queenalice.com/game.php?id=474618"]
[Date "2008.10.8"]
[Round "2"]
[White "ismaelmunchen"]
[Black "Leonic"]
[Result "1-0"]
[WhiteElo "2024"]
[BlackElo "1956"]

1. d4 d5 2. c4 dxc4 3. e4 e5 4. d5 Nf6 5. Bg5 b5 6. a4 c6 7. axb5 cxb5 8. Nf3
Bb4+ 9. Nc3 Qd6 10. Qc2 Nbd7 11. Nd2 Bxc3 12. bxc3 O-O 13. Be2 h6 14. Be3 Nc5
15. Bxc5 Qxc5 16. O-O Bg4 17. Bxg4 Nxg4 18. Nf3 Rfe8 19. h3 Nf6 20. Ra6 Qc7 21.
Rfa1 Nd7 22. Qa2 Nf6 23. Nd2 Reb8 24. Rxa7 Rxa7 25. Qxa7 Qxa7 26. Rxa7 b4 27.
Ra2 b3 28. Rb2 Kf8 29. Nxc4 1-0

[Event "AUTO-MASTER-810"]
[Site "http://www.queenalice.com/game.php?id=592704"]
[Date "2009.5.23"]
[Round "1"]
[White "Champignac"]
[Black "ismaelmunchen"]
[Result "1-0"]
[WhiteElo "1917"]
[BlackElo "1967"]

1. c4 Nf6 2. Nc3 e5 3. g3 Be7 4. Bg2 O-O 5. e4 Nc6 6. Nge2 d6 7. O-O Bg4 8. f3
Bh5 9. g4 Bg6 10. d3 Nd4 11. g5 Nxe2+ 12. Nxe2 Nh5 13. f4 Nxf4 14. Nxf4 exf4 15.
h4 f6 16. Bxf4 fxg5 17. hxg5 Bxg5 18. Bxg5 1-0

[Event "AUTO-MASTER-810"]
[Site "http://www.queenalice.com/game.php?id=592705"]
[Date "2009.5.23"]
[Round "1"]
[White "ismaelmunchen"]
[Black "Champignac"]
[Result "0-1"]
[WhiteElo "1987"]
[BlackElo "1897"]

1. d4 d5 2. c4 Nf6 3. Nc3 c6 4. Nf3 Bg4 5. Ne5 Bh5 6. cxd5 Nxd5 7. g3 f6 8. Nf3
Bxf3 9. exf3 g6 10. Bc4 Bg7 11. O-O O-O 12. Qb3 Qc7 13. Nxd5 cxd5 14. Bxd5+ Kh8
15. Bxb7 Nc6 16. Bxa8 Rxa8 17. Be3 Rb8 0-1

[Event "AUTO-MASTER-810"]
[Site "http://www.queenalice.com/game.php?id=592728"]
[Date "2009.5.23"]
[Round "1"]
[White "ismaelmunchen"]
[Black "avieytoa"]
[Result "0-1"]
[WhiteElo "1998"]
[BlackElo "2117"]

1. d4 d5 2. c4 dxc4 3. e4 Nc6 4. d5 Ne5 5. Bf4 Ng6 6. Be3 Ne5 7. Nc3 Nf6 8. Nf3
Bg4 9. Be2 Bxf3 10. Bxf3 e6 11. Be2 exd5 12. exd5 Bd6 13. Qa4+ Nfd7 14. O-O O-O
15. Ne4 Nb6 16. Qc2 Nxd5 17. Bg5 f6 0-1

[Event "AUTO-MASTER-810"]
[Site "http://www.queenalice.com/game.php?id=592729"]
[Date "2009.5.23"]
[Round "1"]
[White "avieytoa"]
[Black "ismaelmunchen"]
[Result "1-0"]
[WhiteElo "2108"]
[BlackElo "2010"]

1. e4 e5 2. Nf3 Nc6 3. Bc4 Bc5 4. d3 h6 5. O-O Nf6 6. Nc3 O-O 7. Re1 a6 8. Be3
d6 9. Bxc5 dxc5 10. Bd5 Nxd5 11. Nxd5 Nd4 12. Nxe5 c6 13. Ne3 Qg5 14. N5c4 Be6
15. c3 Nb5 16. a4 Nc7 17. Nd6 b5 18. d4 1-0